Govt. of
Madhya Pradesh

India That Is Bharat (Record no. 68117)

MARC details
000 -LEADER
fixed length control field 00290nam a22001097a 4500
082 ## - DEWEY DECIMAL CLASSIFICATION NUMBER
Classification number 954/DEE
100 ## - MAIN ENTRY--AUTHOR NAME
Personal name Deepak.J Sai
245 ## - TITLE STATEMENT
Title India That Is Bharat
Sub Title Coloniality,Civilisation,Constitution
260 ## - PUBLICATION, DISTRIBUTION, ETC. (IMPRINT)
Place of publication New Delhi
Name of publisher Bloomsbury Publishing
Year of publication 2021
650 ## - SUBJECT ADDED ENTRY--TOPICAL TERM
Topical Term HIstory
942 ## - ADDED ENTRY ELEMENTS (KOHA)
Koha item type Books
Holdings
Withdrawn status Lost status Damaged status Not for loan Home library Current library Date acquired Full call number Accession Number Price effective from Koha item type
        MACL MACL 14/09/2025 954/DEE CRE040290 14/09/2025 Books